Over 50 Years of Writing Quiz Stats

 Plays Quiz Updated Feb 8, 2016

Also try: 50 Years of TV
Challenge
Share
Tweet
Embed
Score 0/56 Timer 10:00
0 Plays Today
Book Author % Correct
Nineteen Eighty-FourGeorge Orwell
89.7%
Harry Potter and the Philosopher's StoneJ. K. Rowling
88.5%
The Lord of the Rings J.R.R. Tolkien
88.2%
Charlie and the Chocolate FactoryRoald Dahl
83.6%
CarrieStephen King
82.8%
Angels and DemonsDan Brown
82.7%
To Kill a MockingbirdHarper Lee
82.4%
The Lion, The Witch and the WardrobeC.S. Lewis
82.4%
The Catcher in the RyeJ. D. Salinger
81.6%
Casino RoyaleIan Fleming
73.2%
Slaughterhouse-Five Kurt Vonnegut
69.1%
On the RoadJack Kerouac
63.9%
The Satanic VersesSalman Rushdie
63.6%
Jurassic ParkMichael Crichton
63.5%
Catch-22 Joseph Heller
61.5%
The Diary of a Young GirlAnne Frank
58.9%
The FirmJohn Grisham
58.6%
Interview with the VampireAnne Rice
58.3%
The Hitchhiker's Guide to the GalaxyDouglas Adams
57.2%
Breakfast at Tiffany'sTruman Capote
56.9%
LolitaVladimir Nabokov
56.8%
Cannery RowJohn Steinbeck
52.9%
The Hunt for Red OctoberTom Clancy
50.5%
Fear and Loathing in Las VegasHunter S. Thompson
47.5%
One Hundred Years of SolitudeGabriel García Márquez
46.8%
A Clockwork OrangeAnthony Burgess
42.7%
The Color PurpleAlice Walker
42.5%
Welcome to Dead House (Goosebumps)R. L. Stine
40.5%
Book Author % Correct
The Handmaid's TaleMargaret Atwood
40.1%
DuneFrank Herbert
37.7%
The World According to GarpJohn Irving
35%
2001: A Space OdysseyArthur C. Clarke
32.6%
Red DragonThomas Harris
30.5%
Naked Lunch William Burroughs
30.5%
Bridget Jones's DiaryHelen Fielding
28.3%
Foundation and EmpireIsaac Asimov
25.1%
High FidelityNick Hornby
25.1%
The Naked and the DeadNorman Mailer
24.9%
HolesLouis Sachar
24.7%
The Clan of the Cave BearJean M. Auel
23.8%
Valley of the DollsJacqueline Susann
20.4%
The Fall (La Chute)Albert Camus
19.7%
The ExorcistWilliam Peter Blatty
18.5%
TrainspottingIrvine Welsh
18%
The Reptile RoomLemony Snicket
17.2%
The Thorn BirdsColleen McCullough
16%
The Colour of MagicTerry Pratchett
15.8%
VThomas Pynchon
15.4%
Jonathan Livingston SeagullRichard Bach
15.3%
Humboldt's GiftSaul Bellow
13.1%
The Honorary ConsulGraham Greene
12.3%
Titus GroanMervyn Peake
10.3%
The Shell SeekersRosamunde Pilcher
8.1%
Captain Corelli's MandolinLouis de Bernieres
8%
The Old DevilsKingsley Amis
6.6%
The NegotiatorFrederick Forsyth
3.6%

You're not logged in!

Compare scores with friends on all Sporcle quizzes.
Join for Free
OR
Log In

You Might Also Like...

Show Comments

Extras

Top Quizzes Today


Score Distribution

Your Account Isn't Verified!

In order to create a playlist on Sporcle, you need to verify the email address you used during registration. Go to your Sporcle Settings to finish the process.

Report this User

Report this user for behavior that violates our Community Guidelines.

Details: